[Event "Sao Paulo Sampa op"]
[Site "Sao Paulo"]
[Date "2024.01.31"]
[Round "4"]
[White "Bianchini, Marlon"]
[Black "Deus Filho, Joaquim"]
[Result "0-1"]
[WhiteElo "1255"]
[BlackElo "1840"]
[PlyCount "72"]
[EventDate "2024.01.29"]
[EventType "swiss"]
[EventRounds "9"]
[EventCountry "BRA"]
[SourceTitle "CB06_2024"]
[SourceDate "2024.02.07"]
[SourceVersion "1"]
[SourceVersionDate "2024.02.07"]
[SourceQuality "1"]

1. e4 Nc6 2. d4 d5 3. e5 Bf5 4. Nf3 e6 5. Be2 f6 6. 0-0 fxe5 7. Nxe5 Nxe5 8. dxe5 Bc5 9. c3 Qh4 10. Nd2 Nh6 11. Nf3 Qe7 12. Nd4 0-0 13. Bxh6 gxh6 14. f4 Kh8 15. Kh1 Bxd4 16. cxd4 c5 17. dxc5 Qxc5 18. Rc1 Qb4 19. b3 Rac8 20. Rxc8 Rxc8 21. Bd3 Bxd3 22. Qxd3 Rc3 23. Qd2 Rxb3 24. Qc1 Rc3 25. Qb1 Qxb1 26. Rxb1 Rc2 27. h3 b6 28. a4 Ra2 29. Rb4 h5 30. Kh2 h4 31. f5 exf5 32. Rxh4 Re2 33. Rh5 Rxe5 34. g4 d4 35. Kg2 d3 36. Rxf5 Rxf5 0-1

[Event "Hebraica op 30th"]
[Site "Hebraica"]
[Date "2023.02.12"]
[Round "7"]
[White "Bianchini, Marlon"]
[Black "Fernandini, Felipe Piacente"]
[Result "0-1"]
[WhiteElo "1174"]
[BlackElo "1478"]
[PlyCount "90"]
[EventDate "2023.02.10"]
[EventType "swiss"]
[EventRounds "7"]
[EventCountry "BRA"]
[SourceTitle "CBM 212 Extra"]
[Source "ChessBase"]
[SourceDate "2023.03.31"]
[SourceVersion "1"]
[SourceVersionDate "2023.03.31"]
[SourceQuality "1"]

1. e4 c5 2. Nf3 d6 3. Bb5+ Bd7 4. Bxd7+ Nxd7 5. 0-0 Ngf6 6. Nc3 e6 7. d4 cxd4 8. Qxd4 Be7 9. Nb5 Nb6 10. c4 e5 11. Qd3 a6 12. Nc3 Rc8 13. b3 0-0 14. a4 Re8 15. Ba3 Qc7 16. Rfd1 d5 17. Bxe7 dxc4 18. Bd6 cxd3 19. Bxc7 Rxc7 20. Rxd3 Rec8 21. Rad1 h6 22. Rd8+ Rxd8 23. Rxd8+ Kh7 24. Rd3 Nxe4 25. Ne2 f6 26. h3 Nc5 27. Rc3 Nd5 28. Rc4 Nxb3 29. Rxc7 Nxc7 30. Nc3 b5 31. axb5 Nxb5 32. Nxb5 axb5 33. Ne1 Kg6 34. Nc2 Kf5 35. Kf1 Ke4 36. Nb4 h5 37. Ke2 g5 38. g3 Nd4+ 39. Kd2 Nf3+ 40. Kc3 Nd4 41. Kd2 Kf3 42. Ke1 Kg2 43. Nd5 f5 44. f4 Kxg3 45. fxg5 Nf3+ 0-1

[Event "Hebraica op 30th"]
[Site "Hebraica"]
[Date "2023.02.10"]
[Round "1"]
[White "Bianchini, Marlon"]
[Black "Casalaspro, Mathias Andre"]
[Result "0-1"]
[WhiteElo "1174"]
[BlackElo "1828"]
[PlyCount "42"]
[EventDate "2023.02.10"]
[EventType "swiss"]
[EventRounds "7"]
[EventCountry "BRA"]
[SourceTitle "CBM 212 Extra"]
[Source "ChessBase"]
[SourceDate "2023.03.31"]
[SourceVersion "1"]
[SourceVersionDate "2023.03.31"]
[SourceQuality "1"]

1. e4 e5 2. Nf3 Nc6 3. Bb5 Nf6 4. d3 Be7 5. 0-0 0-0 6. c3 d5 7. exd5 Nxd5 8. Re1 Bg4 9. h3 Bh5 10. g4 Bg6 11. Nxe5 Nxe5 12. Rxe5 c6 13. d4 Bd6 14. Re1 Qh4 15. Qf3 Rfe8 16. Rxe8+ Rxe8 17. Bf1 Re1 18. Nd2 Nf4 19. b3 Nxh3+ 20. Kg2 Nf4+ 21. Kg1 Ne2+ 0-1

[Event "Osasco Carvalho Memorial"]
[Site "Osasco"]
[Date "2022.02.20"]
[Round "5"]
[White "Alboredo, Ricardo"]
[Black "Bianchini, Marlon"]
[Result "0-1"]
[WhiteElo "1800"]
[BlackElo "1800"]
[PlyCount "68"]
[EventDate "2022.02.18"]
[EventType "swiss"]
[EventRounds "6"]
[EventCountry "BRA"]
[SourceTitle "CBM 207 Extra"]
[Source "ChessBase"]
[SourceDate "2022.05.31"]
[SourceVersion "1"]
[SourceVersionDate "2022.05.31"]
[SourceQuality "1"]

1. e4 c5 2. Nf3 e6 3. Bb5 a6 4. Ba4 b5 5. c3 bxa4 6. Qxa4 Nc6 7. d4 cxd4 8. cxd4 Qa5+ 9. Nc3 Qxa4 10. Nxa4 Bb4+ 11. Nc3 Nge7 12. 0-0 0-0 13. Ne2 d5 14. e5 Nf5 15. a3 Ba5 16. b4 Bb6 17. Bb2 Bd7 18. Bc3 Na7 19. a4 Rfc8 20. a5 Bd8 21. Bd2 Rc2 22. g4 Bb5 23. Rfe1 Nh4 24. Nxh4 Bxh4 25. Rad1 Rac8 26. Kg2 Be7 27. Ng3 Rxd2 28. Rxd2 Bxb4 29. Rdd1 Bxe1 30. Rxe1 Nc6 31. Rc1 Bc4 32. Ra1 Nxd4 33. Rc1 Nc6 34. Ra1 Nxe5 0-1

[Event "Osasco Carvalho Memorial"]
[Site "Osasco"]
[Date "2022.02.20"]
[Round "6"]
[White "Bianchini, Marlon"]
[Black "Fernandes, Beatriz"]
[Result "1/2-1/2"]
[WhiteElo "1800"]
[BlackElo "1231"]
[PlyCount "56"]
[EventDate "2022.02.18"]
[EventType "swiss"]
[EventRounds "6"]
[EventCountry "BRA"]
[SourceTitle "CBM 207 Extra"]
[Source "ChessBase"]
[SourceDate "2022.05.31"]
[SourceVersion "1"]
[SourceVersionDate "2022.05.31"]
[SourceQuality "1"]

1. e4 c5 2. Nf3 d6 3. Bb5+ Nd7 4. 0-0 Ngf6 5. Qe2 a6 6. Bxd7+ Bxd7 7. h3 e6 8. d4 Be7 9. Rd1 Qc7 10. c4 0-0 11. Nc3 cxd4 12. Nxd4 e5 13. Nf3 Bc6 14. a4 h6 15. b3 Rfd8 16. Ba3 b6 17. Ne1 Qb7 18. f3 Qc8 19. Nc2 Nh5 20. Ne3 Nf4 21. Qf1 Bg5 22. Nf5 Qe6 23. Rxd6 Rxd6 24. Nxd6 g6 25. Rd1 Be7 26. Qf2 Rb8 27. Kh2 Kh7 28. Kh1 Kg7 1/2-1/2